Score 0/48 Timer 10:00
1 Play Today
% Correct
Spider-Man
99.8%
Hello Kitty
91.7%
Cleopatra
85%
The Tramp
79.9%
Harry Potter
79.4%
Kenny McCormick
78.8%
Count Dracula
76.8%
Homer Simpson
75.5%
Jack Sparrow
74.6%
Papa Smurf
73.6%
Michelangelo (TMNT)
72.2%
Mr. T
71.9%
Tony the Tiger
71.3%
Freddy Krueger
69.5%
Clifford
68.3%
Ghostface
67.9%
Hulk Hogan
67.9%
RoboCop
67.6%
Whoopi Goldberg
66%
Willy Wonka
60.8%
Stay Puft Marshmallow Man
60.2%
Slash
56.8%
Neo
53.8%
Malcolm X
52.6%
% Correct
Skeletor
50.2%
Edgar Allan Poe
48.4%
Magneto
44.7%
Pinhead
42.9%
Saddam Hussein
41.9%
Top Cat
38.4%
Joseph Stalin
37.9%
Don King
36.8%
Master Chief
33.2%
Black Knight
33.2%
Naruto
33%
Beetlejuice
32.1%
Ali G
30.3%
Jules Winnfield
29.7%
Dick Dastardly
24.6%
Travis Bickle
24.4%
Attila the Hun
18.2%
Raoul Duke
17.8%
Kratos
17.8%
Eddie the Head
14.5%
Maurice Moss
13.1%
Gordon Freeman
10.1%
The Doctor
8.7%
Robert Mugabe
3.8%
Remove Ads.
Support Sporcle.
Get the best of Sporcle when you Go Orange. This ad-free experience offers more features, more stats, and more fun while also helping to support Sporcle. Thank you for becoming a member.

You're not logged in!

Compare scores with friends on all Sporcle quizzes.
OR
Log In

Show Comments

Extras

Top Quizzes Today


Score Distribution

Your Account Isn't Verified!

In order to create a playlist on Sporcle, you need to verify the email address you used during registration. Go to your Sporcle Settings to finish the process.

Report this User

Report this user for behavior that violates our Community Guidelines.

Details: